000 01226nam a2200373 i 4500
001 768714001
003 CO-MdFUSB
005 20220629062537.0
007 ta
008 740503s1973 enk b 001 0 eng
010 _a74163874
020 _a0334010322
040 _aDLC
_cCO-MdFUSB
_dCUF
_dUtOrBLW
_bspa
_erda
041 _aeng
082 _223
_a231.3
_bR183
100 1 _aRamsey, Ian T.
_eautor
245 1 0 _aModels for divine activity.
_c/ Ian Thomas Ramsey
264 1 _aLondon :
_bS.C.M. Press,
_c[1973]
264 4 _c© 1973
300 _a78 páginas ;
_c23 cm.
336 _atexto
_btxt
_2rdacontent.
337 _asin mediación
_bn
_2rdamedia.
338 _avolumen
_bnc
_2rdacarrier.
490 1 _aThe library of philosophy and theology.
505 _aUna nueva perspectiva sobre la doctrina del Espíritu: modelos de actividad. -- El modelo de economía. -- El modelo de presencia. -- El uso de estos modelos en el discurso cristiano. -- ¿Caminos hacia el ateísmo teológico?
563 _aTapa dura
650 7 _aTeología doctrinal
_9179
650 0 _aDogma
_9205
650 0 _aEspíritu Santo
_950
942 _cBK
945 _aJTF-925
999 _c66671
_d66671